Zmeny pre podnikateľov v roku 2017
Zvýšenie minimálneho vymeriavacieho základu pre SZČO. Zvýšenie a zrušenie maximálneho vymeriavacieho základu pre SZČO. Zvýšenie minimálnej mzdy. Zmeny pri povinnostiach SZČO voči zdravotným poisťovniam. Stravné v roku 2017. Zvýšenie paušálnych výdavkov. Zmeny v daňových/nedaňových výdavkoch. Zmeny v...
Na minha lista:
| Autor principal: | |
|---|---|
| Formato: | Capítulo de Livro |
| Idioma: | eslovaco |
| Assuntos: | |
| Tags: |
Sem tags, seja o primeiro a adicionar uma tag!
|
MARC
| LEADER | 00000naa a2200000 4500 | ||
|---|---|---|---|
| 001 | 0228068 | ||
| 005 | 20221104112056.8 | ||
| 041 | 0 | |a slo | |
| 044 | |a SK | ||
| 245 | 1 | 0 | |a Zmeny pre podnikateľov v roku 2017 |c Katarína Danajovičová |
| 520 | |a Zvýšenie minimálneho vymeriavacieho základu pre SZČO. Zvýšenie a zrušenie maximálneho vymeriavacieho základu pre SZČO. Zvýšenie minimálnej mzdy. Zmeny pri povinnostiach SZČO voči zdravotným poisťovniam. Stravné v roku 2017. Zvýšenie paušálnych výdavkov. Zmeny v daňových/nedaňových výdavkoch. Zmeny v zákone o DPH. Ďalšie zmeny. | ||
| 610 | 2 | 0 | |a podnikatelia |
| 610 | 2 | 0 | |a osoby samostatne zárobkovo činné |
| 610 | 2 | 0 | |a základ vymeriavací |
| 610 | 2 | 0 | |a poistenie sociálne |
| 610 | 2 | 0 | |a poistenie zdravotné |
| 610 | 2 | 0 | |a dane z hodnoty pridanej |
| 610 | 2 | 0 | |a výdavky daňové |
| 610 | 2 | 0 | |a mzdy minimálne |
| 610 | 2 | 0 | |a legislatíva |
| 100 | 1 | |a Danajovičová, Katarína | |